000 00609nam a2200241Ia 4500
003 OSt
005 20220918175435.0
006 a|||||r|||| 00| 0
007 ta
008 220917b |||||||| |||| 00| 0 eng d
024 _a17,292
037 _cTextual
040 _aARTS
_cARTS
_beng
041 _2eng
_aeng
082 _aQ2:31-414.2, K4
100 _aRuthnaswam M
_953920
245 0 _aIndia after God
260 _aRanchi
_bCatholic
_c1964
300 _av, 142p.
_ccm.
650 _aRELIGION
942 _hQ2:31-414.2, K4
_cTEXL
_2CC
999 _c157466
_d157466